[Event "Ideal Clave op"]
[Site "Barcelona"]
[Date "1997.10.18"]
[Round "4"]
[White "Caldentey Ayas, Daniel"]
[Black "Villa Labrada, Raul"]
[Result "1-0"]
[WhiteElo "1860"]
[BlackElo "1825"]
[PlyCount "51"]
[EventDate "1997.09.??"]
[EventType "swiss"]
[EventRounds "9"]
[EventCountry "ESP"]
[SourceTitle "EXT 2003"]
[Source "ChessBase"]
[SourceDate "2002.11.25"]
[SourceVersion "1"]
[SourceVersionDate "2002.11.25"]
[SourceQuality "1"]

1. e4 e5 2. Nf3 Nc6 3. d4 exd4 4. Nxd4 Bc5 5. Nxc6 bxc6 6. Nc3 Bb4 7. Bd3 d5 8. exd5 cxd5 9. 0-0 Nf6 10. Re1+ Be6 11. Bb5+ Ke7 12. a3 Bxc3 13. bxc3 h6 14. a4 Qd6 15. Ba3 c5 16. Qf3 a6 17. Bd3 Rhe8 18. Qg3 Qxg3 19. hxg3 Rac8 20. Bxa6 Ne4 21. Bxc8 Rxc8 22. c4 Kf8 23. cxd5 Bf5 24. Re3 Ra8 25. c4 Rxa4 26. Rxe4 1-0